Zborník ukazovateľov priemernej rozpočtovej ceny na mernú jednotku objektu : Budovy a inžinierske stavby

Gespeichert in:
Bibliographische Detailangaben
Format: Buch
Veröffentlicht: Bratislava : UNIKA, 2012
Schlagworte:
Tags: Tag hinzufügen
Keine Tags, Fügen Sie das erste Tag hinzu!

MARC

LEADER 00000nam a22000003a 4500
001 stu245499
005 20141123143705.7
008 120411s2012----------------------------d
020 |a 978-80-88966-81-4 
040 |a STU  |b slo 
041 0
245 |a Zborník ukazovateľov priemernej rozpočtovej ceny na mernú jednotku objektu :  |b Budovy a inžinierske stavby 
260 |a Bratislava :  |b UNIKA,  |c 2012 
300 |a 93 s 
650 7 |a odborná literatúra architekta  |2 stusub 
996 |b 284AU05189  |c A*7921 U  |l AAKNST  |s P  |a 0  |w stu245499_0001